00443nam a22001097a 4500008004100000082001600041100003700057245016600094260005100260300000900311440001300320230621b xxu||||| |||| 00| 0 eng d a328.42bVAC cVacher's Parliamentary Companion aVacher's Parliamentary CompanionbA reference book for parliament Departments of State Senior Civil Servants and Public OfficescCorrected QuarterlyhNumber 1069 aLondonbVacher's Parliamentary Companionc1993 a368p nNo. 1069